| 000 | 03144nam a22004697a 4500 | ||
|---|---|---|---|
| 001 | 2404 | ||
| 003 | gttocutb | ||
| 005 | 20251023152623.0 | ||
| 007 | ta | ||
| 008 | 251023e2011 gt ao||| |||| 001 0 spa d | ||
| 020 | 1 | 1 |
_a9789929560222 _cDisponible |
| 040 | 1 | 1 |
_agttocutb _bspa _cgttocutb _erda |
| 082 | 0 | 4 | _a972.8104 G216:3 |
| 100 | 1 | 1 |
_aGarcía Laguardia, Jorge Mario. _eautor |
| 245 | 1 | 1 |
_aLa reforma liberal en Guatemala: _cJorge Mario García Laguardia. |
| 250 | 1 | 1 |
_a3a. _bDocumentos Tipografia Nacional |
| 264 | 1 | 1 |
_aGuatemala: _bTipografía Nacional, _c2011. |
| 264 | 1 | _c© 2011 | |
| 300 | 1 | 1 |
_a582 páginas : _c21 cm. _bIlustraciones y fotografías en blanco y negro. |
| 336 | 1 | 1 |
_2rdacontenido _atexto _btxt |
| 337 | 1 | 1 |
_2rdamedio _asin mediación _bn |
| 338 | 1 |
_2rdasoporte _avolumen _bnc |
|
| 505 | 0 | 0 | _gIndice: |
| 505 | 0 | 0 | _g1. Independencia, anarquía y restauración -- |
| 505 | 0 | _g2. El triunfo liberal -- | |
| 505 | 0 | 0 | _g3. Asamblea Constituyente de 1872: las tendencias políticas del nuevo regimen -- |
| 505 | 0 | 0 | _g4. La economía durante la Colonia -- |
| 505 | 0 | _g5. Miguel García Granados vs. Justo Rufino Barrios -- | |
| 505 | 0 | 0 | _g6. Asamblea Constituyente de 1876: la teoría de la dictadura democrática -- |
| 505 | 0 | 0 | _g7. Constitución de 1879: las decisiones definitivas -- |
| 520 | 0 | 0 | _aLa Reforma liberal es el punto de partida para una de las coyunturas sociales y políticas de mayor impacto en la construcción del Estado guatemalteco. Sus consecuencias son sensibles en los más diversos ámbitos desde las últimas décadas del siglo XIX y, aún hoy, a inicios del siglo XXI, muchos aspectos del "liberalismo" mantienen intacta su vigencia. En este volumen, Jorge Mario García Laguardia (Guatemala, 1931) emprende un completo análisis de las tendencias ideológicas, los liderazgos personales y las decisiones políticas que influyeron en la creación y puesta en práctica de los proyectos constitucionales que sustentaron el ordenamiento jurídico en los primeros años de la época liberal. Mediante una minuciosa clasificación de fuentes documentales primarias, el autor penetra en los hechos y ensaya una interpretacion de primera mano sobre un periodo formativo de gran conflictividad en nuestra historia. Publicado originalmente en 1972, este libro es un fiel reflejo de las preocupaciones que han ido forjando la brillante carrera investigativa de García Laguardia en el ámbito de la Historia del Derecho. Su trabajo ha sido fundamental para interpretar la evolución del constitucionalismo guatemalteco como un marco útil para la explicación de su problemática historia politica. |
| 521 | 0 | 0 | _aRecomendado para público en general. |
| 650 | 1 | 4 |
_2LEMB _aHistoria de Guatemala. |
| 650 | 1 | 4 |
_2LEMB _aReforma liberal. |
| 650 | 1 | 4 |
_2LEMB _aMiguel García Granados y Justo Rufino Barrios. |
| 650 | 1 | 4 |
_2LEMB _aReforma liberal 1871. |
| 650 | 1 | 4 |
_2LEMB _aAsamblea constituyente de 1872. |
| 650 | 1 | 4 |
_2LEMB _aAsamblea Costituyente de 1876. |
| 650 | 1 | 4 |
_2LEMB _aConstitución de 1879. |
| 700 |
_aJorge Mario García Laguardia. _e(autor) |
||
| 942 | 1 |
_2ddc _cBK _n0 _e3a. |
|
| 999 |
_c2404 _d2404 |
||